000 00752nam a2200205 a 4500
001 000003360
005 20200929150426.0
008 090708s2009 dr a 000 0 spa d
020 _a9789993425786
040 _aDO-SdBNP
_bspa
_cBNPHU
082 _a616.01078
_bE77La
100 1 _aEspinal, Georgina
_910498
245 1 0 _aLaboratorio de microbiología II :
_bmanual de prácticas /
_cGeorgina Espinal.
260 _aSanto Domingo :
_bInstituto Tecnológico de Santo Domingo. Área de Ciencias de la Salud,
_c2009.
300 _a64 p. :
_bil. ;
_c28 cm.
504 _aIncluye referencias bibliográficas ( p. 63-64 )
650 4 _aMicrobiología médica
_vMANUALES DE LABORATORIO
_910499
910 _aValidado. Control de calidad BNPHU.
049 _aBNPD
999 _c3191
_d3191